The best of all possible worlds : (Record no. 8530)

MARC details
000 -LEADER
fixed length control field 01894cam a22004214a 4500
001 - CONTROL NUMBER
control field 14235361
003 - CONTROL NUMBER IDENTIFIER
control field OSt
005 - DATE AND TIME OF LATEST TRANSACTION
control field 20240617111649.0
008 - FIXED-LENGTH DATA ELEMENTS--GENERAL INFORMATION
fixed length control field 060119s2006 ilua b 001 0 eng
010 ## - LIBRARY OF CONGRESS CONTROL NUMBER
LC control number 2006001984
015 ## - NATIONAL BIBLIOGRAPHY NUMBER
National bibliography number GBA671719
Source bnb
016 7# - NATIONAL BIBLIOGRAPHIC AGENCY CONTROL NUMBER
Record control number 013536627
Source Uk
020 ## - INTERNATIONAL STANDARD BOOK NUMBER
International Standard Book Number 0226199940 (cloth : alk. paper)
020 ## - INTERNATIONAL STANDARD BOOK NUMBER
International Standard Book Number 9780226199948
035 ## - SYSTEM CONTROL NUMBER
System control number (OCoLC)ocm63187417
040 ## - CATALOGING SOURCE
Original cataloging agency DLC
Transcribing agency must
Modifying agency BAKER
-- UKM
-- C#P
-- YDXCP
-- OCLCQ
-- DLC
041 1# - LANGUAGE CODE
Language code of text/sound track or separate title eng
Language code of original fre
042 ## - AUTHENTICATION CODE
Authentication code pcc
050 00 - LIBRARY OF CONGRESS CALL NUMBER
Classification number Q172
Item number .E36 2006
082 00 - DEWEY DECIMAL CLASSIFICATION NUMBER
Classification number 510 EKE 2006
Edition number 22
100 1# - MAIN ENTRY--PERSONAL NAME
Personal name Ekeland, I.
Fuller form of name (Ivar),
Dates associated with a name 1944-
9 (RLIN) 17321
245 14 - TITLE STATEMENT
Title The best of all possible worlds :
Remainder of title mathematics and destiny /
Statement of responsibility, etc. Ivar Ekeland.
260 ## - PUBLICATION, DISTRIBUTION, ETC. (IMPRINT)
Place of publication, distribution, etc. Chicago :
Name of publisher, distributor, etc. University of Chicago Press,
Date of publication, distribution, etc. 2006.
300 ## - PHYSICAL DESCRIPTION
Extent 207 p. :
Other physical details ill. ;
Dimensions 24 cm.
504 ## - BIBLIOGRAPHY, ETC. NOTE
Bibliography, etc Includes bibliographical references (p. [197]-198) and index.
505 0# - FORMATTED CONTENTS NOTE
Formatted contents note Keeping the beat -- The birth of modern science -- The least action principle -- From computations to geometry -- Poincaré and beyond -- Pandora's box -- May the best one win -- The end of nature -- The common good -- A personal conclusion.
650 #0 - SUBJECT ADDED ENTRY--TOPICAL TERM
Topical term or geographic name as entry element Science
General subdivision Mathematics.
9 (RLIN) 2994
650 #0 - SUBJECT ADDED ENTRY--TOPICAL TERM
Topical term or geographic name as entry element Mathematical analysis.
9 (RLIN) 2757
650 #0 - SUBJECT ADDED ENTRY--TOPICAL TERM
Topical term or geographic name as entry element Logic, Symbolic and mathematical.
9 (RLIN) 17322
650 #0 - SUBJECT ADDED ENTRY--TOPICAL TERM
Topical term or geographic name as entry element Human behavior.
9 (RLIN) 14099
650 #0 - SUBJECT ADDED ENTRY--TOPICAL TERM
Topical term or geographic name as entry element Ethics.
9 (RLIN) 1778
856 41 - ELECTRONIC LOCATION AND ACCESS
Materials specified Table of contents only
Uniform Resource Identifier <a href="http://www.loc.gov/catdir/toc/ecip067/2006001984.html">http://www.loc.gov/catdir/toc/ecip067/2006001984.html</a>
856 42 - ELECTRONIC LOCATION AND ACCESS
Materials specified Contributor biographical information
Uniform Resource Identifier <a href="http://www.loc.gov/catdir/enhancements/fy0702/2006001984-b.html">http://www.loc.gov/catdir/enhancements/fy0702/2006001984-b.html</a>
856 42 - ELECTRONIC LOCATION AND ACCESS
Materials specified Publisher description
Uniform Resource Identifier <a href="http://www.loc.gov/catdir/enhancements/fy0702/2006001984-d.html">http://www.loc.gov/catdir/enhancements/fy0702/2006001984-d.html</a>
906 ## - LOCAL DATA ELEMENT F, LDF (RLIN)
a 7
b cbc
c orignew
d 1
e ecip
f 20
g y-gencatlg
942 ## - ADDED ENTRY ELEMENTS (KOHA)
Source of classification or shelving scheme Dewey Decimal Classification
Koha item type Open Shelf
Holdings
Withdrawn status Lost status Source of classification or shelving scheme Damaged status Not for loan Home library Current library Date acquired Source of acquisition Inventory number Total Checkouts Full call number Barcode Date last seen Price effective from Koha item type
    Dewey Decimal Classification     MUST Main Library MUST Main Library 17/06/2024 Donation 11/35049   510 EKE 2006 2024-20625 17/06/2024 17/06/2024 Open Shelf